Crash course in Endocrine and Reproductive systms (Record no. 3643)

MARC details
000 -LEADER
fixed length control field 00590nam a22002177a 4500
003 - CONTROL NUMBER IDENTIFIER
control field OSt
005 - DATE AND TIME OF LATEST TRANSACTION
control field 20160419184440.0
008 - FIXED-LENGTH DATA ELEMENTS--GENERAL INFORMATION
fixed length control field 160419b xxu||||| |||| 00| 0 eng d
020 ## - INTERNATIONAL STANDARD BOOK NUMBER
International Standard Book Number 9780723434276
040 ## - CATALOGING SOURCE
Transcribing agency DNLM
082 ## - DEWEY DECIMAL CLASSIFICATION NUMBER
Classification number WK100 492e 2007
100 ## - MAIN ENTRY--PERSONAL NAME
Personal name Finlayson, Alexander
9 (RLIN) 8109
245 ## - TITLE STATEMENT
Title Crash course in Endocrine and Reproductive systms
250 ## - EDITION STATEMENT
Edition statement 3rd ed.
260 ## - PUBLICATION, DISTRIBUTION, ETC. (IMPRINT)
Place of publication, distribution, etc. Edinburgh; Mosby, 2007
300 ## - PHYSICAL DESCRIPTION
Extent xii,289p; col.ill: 25cm
504 ## - BIBLIOGRAPHY, ETC. NOTE
Bibliography, etc Answers, & index included
650 ## - SUBJECT ADDED ENTRY--TOPICAL TERM
Topical term or geographic name as entry element Endocrine
9 (RLIN) 8110
650 ## - SUBJECT ADDED ENTRY--TOPICAL TERM
Topical term or geographic name as entry element Reproductive systems
9 (RLIN) 8111
942 ## - ADDED ENTRY ELEMENTS (KOHA)
Source of classification or shelving scheme Other/Generic Classification Scheme
Koha item type Open Shelf
Holdings
Withdrawn status Lost status Source of classification or shelving scheme Damaged status Not for loan Home library Current library Date acquired Source of acquisition Inventory number Total Checkouts Full call number Barcode Date last seen Koha item type
    Other/Generic Classification Scheme     MUST Main Library MUST Main Library 19/04/2016   14/38477   WK100 492e 2007 2016-1058 19/04/2016 Open Shelf